Elementary-school mathematics : a modern approach for teachers /
Guardado en:
| Autor Principal: | |
|---|---|
| Formato: | Libro |
| Idioma: | English |
| Publicado: |
Boston :
Allyn and Bacon,
c1966.
|
| Materias: | |
| Etiquetas: |
Agregar Etiqueta
Sin Etiquetas, Sea el primero en etiquetar este registro!
|
| LEADER | 00581cam a22001695a 4500 | ||
|---|---|---|---|
| 001 | MAT.inmabb005085 | ||
| 008 | 840828s1966####maua##########001#0#eng## | ||
| 005 | 20170822162900.0 | ||
| 245 | 1 | 0 | |a Elementary-school mathematics : |b a modern approach for teachers / |c J. Houston Banks. |
| 260 | |a Boston : |b Allyn and Bacon, |c c1966. | ||
| 300 | |a xiii, 398 p. : |b il. ; |c 24 cm. | ||
| 100 | 1 | |a Banks, J. Houston |q (John Houston), |d 1911- | |
| 650 | 0 | |a Arithmetic |x Foundations. | |
| 084 | |a 00A05 |2 msc2000 | ||
| 010 | |a 66010508 | ||
| 040 | |a DLC/ICU |c ICU |d DLC | ||
| 859 | |h 00A05 |i B218 |p A-2508 |b BIB. MATEMATICA | ||
